Journal of forensic dental sciences JFDS.

Bibliographic Details
Corporate Author: Indian Association of Forensic Odontology
Format: Electronic Journal
Language:English
Published: Mumbai : Medknow Publications & Media, ©2009-
Subjects:
Online Access:Full text available from Research Library: 01/01/2009 to present

MARC

LEADER 00000nas a2200000 a 4500
001 ssj0000392761
003 WaSeSS
005 20200512172242.0
006 m d
007 cr n
008 100802c20099999ii fr p s 0 a0eng
010 |a  2011254153 
022 |a 0975-2137  |l 0975-1475  |y 0975-1475 
025 |a I-E-E-2010-346181; 42 
035 |a (WaSeSS)ssj0000392761 
040 |a DLC  |b eng  |c CUD  |d CUS  |d DLC  |d OCLCQ  |d OCLCF  |d OCLCQ  |d UAB  |d OCLCQ  |d OCLCO  |d NTG  |d AU@  |d OCLCO  |d U3W  |d OCLCO  |d WaSeSS 
042 |a pcc 
050 4 |a RA1062 
060 4 |a W1 
130 0 |a Journal of forensic dental sciences (Online) 
210 0 |a J. forensic dent. sci.  |b (Online) 
222 0 |a Journal of forensic dental sciences  |b (Online) 
245 1 0 |a Journal of forensic dental sciences  |h [electronic resource] :  |b JFDS. 
246 3 0 |a JFDS 
260 |a Mumbai :  |b Medknow Publications & Media,  |c ©2009- 
310 |a Semiannual 
362 0 |a Vol. 1, issue. 1 (Jan./June 2009)- 
506 |a License restrictions may limit access. 
550 |a Publication of Indian Association of Forensic Odontology. 
588 |a Description based on: Vol. 1, issue 1 (Jan./June 2009); title from volume contents page (Publisher's Web site, viewed Aug. 2, 2010). 
588 |a Latest issue consulted: Vol. 3, issue 1 (Jan./June 2011) (viewed Oct. 14, 2011). 
650 0 |a Dental jurisprudence  |v Periodicals. 
650 7 |a Dental jurisprudence.  |2 fast  |0 (OCoLC)fst00890508 
650 2 |a Dentistry  |v Periodicals. 
650 2 |a Forensic Dentistry  |v Periodicals. 
650 2 |a Societies, Dental  |v Periodicals. 
655 0 |a Electronic journals. 
710 2 |a Indian Association of Forensic Odontology. 
776 0 8 |i Print version:  |t Journal of forensic dental sciences  |x 0975-1475  |w (DLC) 2010346181  |w (OCoLC)651609951 
856 4 0 |z Full text available from Research Library: 01/01/2009 to present  |u https://search.proquest.com/publication/226483